000 01036nam a2200217 i 4500
001 11132
003 ES-MaACL
005 20230906150032.0
007 t|
008 951017s1995 sp ab |||| | spa j
020 _a84-7819-030-9
080 _a912(460)
245 0 0 _aAtlas nacional de España.
260 _aMadrid :
_bCentro Nacional de Información Geográfica,
_c1995.
300 _a5 v. :
_bil. col., mapas col. ;
_c54 cm.
505 8 _aContiene: I ;
_tInformación general básica; El medio terrestre; El medio marino - II ;
_tInformación demográfica; Ordenación del territorio y actividades económicas básicas; Actividades industriales - IV ;
_tOtras actividades y servicios - V ;
_tProblemas medioambientales; El conocimiento del territorio; Información sociológica
594 _aEn port.: Ministerio de Obras Públicas, Transportes y Medio Ambiente, Instituto Geográfico Nacional.
651 4 _aEspaña-
_vMapas.
_9138074
710 2 _aInstituto Geográfico Nacional (España)
_95074
852 _aES-MaACL
_jJ-117
999 _c11132
_d11132